Who is this? - Statistics

General Stats
  • This quiz has been taken 73 times
  • The average score is 9 of 12
Answer Stats
Picture Answer % Correct
Albert Einstein
97%
Jesus
94%
Mario
92%
Mohandas Gandhi
88%
Charlie Chaplin
80%
Nelson Mandela
80%
Marie Curie
70%
Uncle Sam
59%
Karl Marx
55%
Roger Federer
55%
Charles Darwin
48%
Xi Jinping
44%
No matching quizzes found
Score Distribution
Percent of People with Each Score
Percentile by Number Answered
Your Score History
You have not taken this quiz